| 000 | 00420nam a2200145 i 4500 | ||
|---|---|---|---|
| 001 | 183493 | ||
| 003 | ES-MaACL | ||
| 005 | 20230906221914.0 | ||
| 008 | 140703q18851899gw |||| | fre d | ||
| 245 | 0 | 0 | _aCatalogue special de chiens de race du Koestritz, Reuss, Thuringe, Allemagne. |
| 260 |
_aKoestritz : _b[s.n., _c18-?] |
||
| 300 |
_a24 p. ; _c22 cm. |
||
| 650 | 4 |
_aPerros. _9150938 |
|
| 852 |
_aES-MaACL _jT-559-F-11 |
||
| 999 |
_c183493 _d183493 |
||